<?xml version="1.0" encoding="UTF-8"?>
<record
    xmlns:xsi="http://www.w3.org/2001/XMLSchema-instance"
    xsi:schemaLocation="http://www.loc.gov/MARC21/slim http://www.loc.gov/standards/marcxml/schema/MARC21slim.xsd"
    xmlns="http://www.loc.gov/MARC21/slim">

  <leader>01039nam a22002537a 4500</leader>
  <controlfield tag="005">20180228104325.0</controlfield>
  <datafield tag="010" ind1=" " ind2=" ">
    <subfield code="a">1516EN07      ENG-114612    B-663844</subfield>
  </datafield>
  <datafield tag="020" ind1=" " ind2=" ">
    <subfield code="c">950.00</subfield>
    <subfield code="a">9789382059288</subfield>
  </datafield>
  <datafield tag="035" ind1=" " ind2=" ">
    <subfield code="a">EN-98144</subfield>
  </datafield>
  <datafield tag="035" ind1=" " ind2=" ">
    <subfield code="a">B-605048-063</subfield>
  </datafield>
  <datafield tag="035" ind1=" " ind2=" ">
    <subfield code="a">B-663844</subfield>
  </datafield>
  <datafield tag="037" ind1=" " ind2=" ">
    <subfield code="b">BWP/VEN</subfield>
    <subfield code="a">DPL</subfield>
  </datafield>
  <datafield tag="037" ind1=" " ind2=" ">
    <subfield code="b">DBAD/PUB</subfield>
  </datafield>
  <datafield tag="082" ind1=" " ind2=" ">
    <subfield code="a">320.954</subfield>
  </datafield>
  <datafield tag="100" ind1=" " ind2=" ">
    <subfield code="a">Ahuja, M.L.</subfield>
  </datafield>
  <datafield tag="245" ind1=" " ind2=" ">
    <subfield code="a">Handbook of states and union territories of India :</subfield>
    <subfield code="c">by M.L.Ahuja</subfield>
    <subfield code="b">develpoments and electoral politics /</subfield>
  </datafield>
  <datafield tag="260" ind1=" " ind2=" ">
    <subfield code="a">New Delhi</subfield>
    <subfield code="b">Synergy Books</subfield>
    <subfield code="c">2015</subfield>
  </datafield>
  <datafield tag="270" ind1=" " ind2=" ">
    <subfield code="a">24/4800, Ansari Road, Daryaganj</subfield>
    <subfield code="b">New Delhi</subfield>
    <subfield code="e">110002</subfield>
  </datafield>
  <datafield tag="300" ind1=" " ind2=" ">
    <subfield code="a">xviii,341p.</subfield>
    <subfield code="c">23cm(Hb)</subfield>
    <subfield code="b">ill.,maps</subfield>
  </datafield>
  <datafield tag="500" ind1=" " ind2=" ">
    <subfield code="a">Includes index</subfield>
  </datafield>
  <datafield tag="942" ind1=" " ind2=" ">
    <subfield code="2">ddc</subfield>
    <subfield code="c">EN</subfield>
    <subfield code="m">AHU</subfield>
    <subfield code="h">320.954</subfield>
  </datafield>
  <datafield tag="999" ind1=" " ind2=" ">
    <subfield code="c">96201</subfield>
    <subfield code="d">96201</subfield>
  </datafield>
  <datafield tag="952" ind1=" " ind2=" ">
    <subfield code="0">0</subfield>
    <subfield code="1">0</subfield>
    <subfield code="4">0</subfield>
    <subfield code="7">1</subfield>
    <subfield code="8">NFIC</subfield>
    <subfield code="a">DBAD</subfield>
    <subfield code="b">DBAD</subfield>
    <subfield code="d">2015-12-17</subfield>
    <subfield code="e">DBAD/PUB</subfield>
    <subfield code="g">950.00</subfield>
    <subfield code="l">0</subfield>
    <subfield code="o">320.954 AHU</subfield>
    <subfield code="p">EN-98144</subfield>
    <subfield code="r">2015-12-17 00:00:00</subfield>
    <subfield code="t">1</subfield>
    <subfield code="v">950.00</subfield>
    <subfield code="y">EN</subfield>
  </datafield>
  <datafield tag="952" ind1=" " ind2=" ">
    <subfield code="0">0</subfield>
    <subfield code="1">0</subfield>
    <subfield code="4">0</subfield>
    <subfield code="7">0</subfield>
    <subfield code="8">NFIC</subfield>
    <subfield code="a">L</subfield>
    <subfield code="b">L</subfield>
    <subfield code="d">2016-08-31</subfield>
    <subfield code="e">0338/28.9.2015/116/16.9.2015/15.10.2015</subfield>
    <subfield code="g">950.00</subfield>
    <subfield code="l">12</subfield>
    <subfield code="m">5</subfield>
    <subfield code="o">320.954 AHU</subfield>
    <subfield code="p">B-605048</subfield>
    <subfield code="r">2025-07-02 00:00:00</subfield>
    <subfield code="s">2025-06-14</subfield>
    <subfield code="t">1</subfield>
    <subfield code="v">950.00</subfield>
    <subfield code="y">EN</subfield>
  </datafield>
  <datafield tag="952" ind1=" " ind2=" ">
    <subfield code="0">0</subfield>
    <subfield code="1">0</subfield>
    <subfield code="4">0</subfield>
    <subfield code="7">1</subfield>
    <subfield code="8">REF</subfield>
    <subfield code="a">L</subfield>
    <subfield code="b">L</subfield>
    <subfield code="d">2016-08-31</subfield>
    <subfield code="e">0338/28.9.2015/116/16.9.2015/15.10.2015</subfield>
    <subfield code="g">950.00</subfield>
    <subfield code="l">0</subfield>
    <subfield code="o">320.954 AHU</subfield>
    <subfield code="p">B-605049</subfield>
    <subfield code="r">2016-08-31 00:00:00</subfield>
    <subfield code="t">1</subfield>
    <subfield code="v">950.00</subfield>
    <subfield code="y">EN</subfield>
  </datafield>
  <datafield tag="952" ind1=" " ind2=" ">
    <subfield code="0">0</subfield>
    <subfield code="1">0</subfield>
    <subfield code="4">0</subfield>
    <subfield code="7">0</subfield>
    <subfield code="8">NFIC</subfield>
    <subfield code="a">NPL</subfield>
    <subfield code="b">NPL</subfield>
    <subfield code="d">2016-08-31</subfield>
    <subfield code="e">0338/28.9.2015/116/16.9.2015/15.10.2015</subfield>
    <subfield code="g">950.00</subfield>
    <subfield code="l">0</subfield>
    <subfield code="o">320.954 AHU</subfield>
    <subfield code="p">B-605050</subfield>
    <subfield code="r">2016-08-31 00:00:00</subfield>
    <subfield code="t">1</subfield>
    <subfield code="v">950.00</subfield>
    <subfield code="y">EN</subfield>
  </datafield>
  <datafield tag="952" ind1=" " ind2=" ">
    <subfield code="0">0</subfield>
    <subfield code="1">0</subfield>
    <subfield code="4">0</subfield>
    <subfield code="7">0</subfield>
    <subfield code="8">NFIC</subfield>
    <subfield code="a">BL1</subfield>
    <subfield code="b">BL1</subfield>
    <subfield code="d">2016-08-31</subfield>
    <subfield code="e">0338/28.9.2015/116/16.9.2015/15.10.2015</subfield>
    <subfield code="g">950.00</subfield>
    <subfield code="l">2</subfield>
    <subfield code="m">1</subfield>
    <subfield code="o">320.954 AHU</subfield>
    <subfield code="p">B-605051</subfield>
    <subfield code="r">2022-04-23 00:00:00</subfield>
    <subfield code="s">2022-04-22</subfield>
    <subfield code="t">1</subfield>
    <subfield code="v">950.00</subfield>
    <subfield code="y">EN</subfield>
  </datafield>
  <datafield tag="952" ind1=" " ind2=" ">
    <subfield code="0">0</subfield>
    <subfield code="1">0</subfield>
    <subfield code="4">0</subfield>
    <subfield code="7">0</subfield>
    <subfield code="8">NFIC</subfield>
    <subfield code="a">KGM</subfield>
    <subfield code="b">KGM</subfield>
    <subfield code="d">2016-08-31</subfield>
    <subfield code="e">0338/28.9.2015/116/16.9.2015/15.10.2015</subfield>
    <subfield code="g">950.00</subfield>
    <subfield code="l">1</subfield>
    <subfield code="o">320.954 AHU</subfield>
    <subfield code="p">B-605052</subfield>
    <subfield code="r">2019-04-11 00:00:00</subfield>
    <subfield code="s">2019-04-05</subfield>
    <subfield code="t">1</subfield>
    <subfield code="v">950.00</subfield>
    <subfield code="y">EN</subfield>
  </datafield>
  <datafield tag="952" ind1=" " ind2=" ">
    <subfield code="0">0</subfield>
    <subfield code="1">0</subfield>
    <subfield code="4">0</subfield>
    <subfield code="7">0</subfield>
    <subfield code="8">NFIC</subfield>
    <subfield code="a">PR</subfield>
    <subfield code="b">PR</subfield>
    <subfield code="d">2016-08-31</subfield>
    <subfield code="e">0338/28.9.2015/116/16.9.2015/15.10.2015</subfield>
    <subfield code="g">950.00</subfield>
    <subfield code="l">0</subfield>
    <subfield code="o">320.954 AHU</subfield>
    <subfield code="p">B-605053</subfield>
    <subfield code="r">2016-08-31 00:00:00</subfield>
    <subfield code="t">1</subfield>
    <subfield code="v">950.00</subfield>
    <subfield code="y">EN</subfield>
  </datafield>
  <datafield tag="952" ind1=" " ind2=" ">
    <subfield code="0">0</subfield>
    <subfield code="1">0</subfield>
    <subfield code="4">0</subfield>
    <subfield code="7">0</subfield>
    <subfield code="8">NFIC</subfield>
    <subfield code="a">JP</subfield>
    <subfield code="b">JP</subfield>
    <subfield code="d">2016-08-31</subfield>
    <subfield code="e">0338/28.9.2015/116/16.9.2015/15.10.2015</subfield>
    <subfield code="g">950.00</subfield>
    <subfield code="l">44</subfield>
    <subfield code="m">41</subfield>
    <subfield code="o">320.954 AHU</subfield>
    <subfield code="p">B-605054</subfield>
    <subfield code="r">2020-06-03 00:00:00</subfield>
    <subfield code="s">2020-02-22</subfield>
    <subfield code="t">1</subfield>
    <subfield code="v">950.00</subfield>
    <subfield code="y">EN</subfield>
  </datafield>
  <datafield tag="952" ind1=" " ind2=" ">
    <subfield code="0">0</subfield>
    <subfield code="1">0</subfield>
    <subfield code="4">0</subfield>
    <subfield code="7">0</subfield>
    <subfield code="8">NFIC</subfield>
    <subfield code="a">ZLS</subfield>
    <subfield code="b">ZLS</subfield>
    <subfield code="d">2016-08-31</subfield>
    <subfield code="e">0338/28.9.2015/116/16.9.2015/15.10.2015</subfield>
    <subfield code="g">950.00</subfield>
    <subfield code="l">1</subfield>
    <subfield code="o">320.954 AHU</subfield>
    <subfield code="p">B-605055</subfield>
    <subfield code="r">2019-06-09 00:00:00</subfield>
    <subfield code="s">2019-05-26</subfield>
    <subfield code="t">1</subfield>
    <subfield code="v">950.00</subfield>
    <subfield code="y">EN</subfield>
  </datafield>
  <datafield tag="952" ind1=" " ind2=" ">
    <subfield code="0">0</subfield>
    <subfield code="1">0</subfield>
    <subfield code="4">0</subfield>
    <subfield code="7">0</subfield>
    <subfield code="8">NFIC</subfield>
    <subfield code="a">RKP</subfield>
    <subfield code="b">RKP</subfield>
    <subfield code="d">2016-08-31</subfield>
    <subfield code="e">0338/28.9.2015/116/16.9.2015/15.10.2015</subfield>
    <subfield code="g">950.00</subfield>
    <subfield code="l">1</subfield>
    <subfield code="o">320.954 AHU</subfield>
    <subfield code="p">B-605056</subfield>
    <subfield code="r">2019-07-11 00:00:00</subfield>
    <subfield code="s">2019-06-26</subfield>
    <subfield code="t">1</subfield>
    <subfield code="v">950.00</subfield>
    <subfield code="y">EN</subfield>
  </datafield>
  <datafield tag="952" ind1=" " ind2=" ">
    <subfield code="0">0</subfield>
    <subfield code="1">0</subfield>
    <subfield code="4">0</subfield>
    <subfield code="7">0</subfield>
    <subfield code="8">NFIC</subfield>
    <subfield code="a">AG</subfield>
    <subfield code="b">AG</subfield>
    <subfield code="d">2016-08-31</subfield>
    <subfield code="e">0338/28.9.2015/116/16.9.2015/15.10.2015</subfield>
    <subfield code="g">950.00</subfield>
    <subfield code="l">2</subfield>
    <subfield code="o">320.954 AHU</subfield>
    <subfield code="p">B-605057</subfield>
    <subfield code="r">2019-08-09 00:00:00</subfield>
    <subfield code="s">2019-07-26</subfield>
    <subfield code="t">1</subfield>
    <subfield code="v">950.00</subfield>
    <subfield code="y">EN</subfield>
  </datafield>
  <datafield tag="952" ind1=" " ind2=" ">
    <subfield code="0">0</subfield>
    <subfield code="1">0</subfield>
    <subfield code="4">0</subfield>
    <subfield code="7">0</subfield>
    <subfield code="8">NFIC</subfield>
    <subfield code="a">ZLS</subfield>
    <subfield code="b">ZLS</subfield>
    <subfield code="d">2016-08-31</subfield>
    <subfield code="e">0338/28.9.2015/116/16.9.2015/15.10.2015</subfield>
    <subfield code="g">950.00</subfield>
    <subfield code="l">6</subfield>
    <subfield code="m">4</subfield>
    <subfield code="o">320.954 AHU</subfield>
    <subfield code="p">B-605058</subfield>
    <subfield code="q">2024-10-08</subfield>
    <subfield code="r">2024-09-24 00:00:00</subfield>
    <subfield code="s">2024-09-24</subfield>
    <subfield code="t">1</subfield>
    <subfield code="v">950.00</subfield>
    <subfield code="y">EN</subfield>
  </datafield>
  <datafield tag="952" ind1=" " ind2=" ">
    <subfield code="0">0</subfield>
    <subfield code="1">0</subfield>
    <subfield code="4">0</subfield>
    <subfield code="7">0</subfield>
    <subfield code="8">NFIC</subfield>
    <subfield code="a">QRP</subfield>
    <subfield code="b">QRP</subfield>
    <subfield code="d">2016-08-31</subfield>
    <subfield code="e">0338/28.9.2015/116/16.9.2015/15.10.2015</subfield>
    <subfield code="g">950.00</subfield>
    <subfield code="l">0</subfield>
    <subfield code="o">320.954 AHU</subfield>
    <subfield code="p">B-605059</subfield>
    <subfield code="r">2016-08-31 00:00:00</subfield>
    <subfield code="t">1</subfield>
    <subfield code="v">950.00</subfield>
    <subfield code="y">EN</subfield>
  </datafield>
  <datafield tag="952" ind1=" " ind2=" ">
    <subfield code="0">0</subfield>
    <subfield code="1">0</subfield>
    <subfield code="4">0</subfield>
    <subfield code="7">0</subfield>
    <subfield code="8">NFIC</subfield>
    <subfield code="a">VP</subfield>
    <subfield code="b">VP</subfield>
    <subfield code="d">2016-08-31</subfield>
    <subfield code="e">0338/28.9.2015/116/16.9.2015/15.10.2015</subfield>
    <subfield code="g">950.00</subfield>
    <subfield code="l">2</subfield>
    <subfield code="o">320.954 AHU</subfield>
    <subfield code="p">B-605060</subfield>
    <subfield code="q">2018-08-01</subfield>
    <subfield code="r">2018-07-18 00:00:00</subfield>
    <subfield code="s">2018-07-18</subfield>
    <subfield code="t">1</subfield>
    <subfield code="v">950.00</subfield>
    <subfield code="y">EN</subfield>
  </datafield>
  <datafield tag="952" ind1=" " ind2=" ">
    <subfield code="0">0</subfield>
    <subfield code="1">0</subfield>
    <subfield code="4">0</subfield>
    <subfield code="7">0</subfield>
    <subfield code="8">NFIC</subfield>
    <subfield code="a">BN</subfield>
    <subfield code="b">BN</subfield>
    <subfield code="d">2016-08-31</subfield>
    <subfield code="e">0338/28.9.2015/116/16.9.2015/15.10.2015</subfield>
    <subfield code="g">950.00</subfield>
    <subfield code="l">1</subfield>
    <subfield code="o">320.954 AHU</subfield>
    <subfield code="p">B-605061</subfield>
    <subfield code="r">2022-08-04 00:00:00</subfield>
    <subfield code="s">2022-07-20</subfield>
    <subfield code="t">1</subfield>
    <subfield code="v">950.00</subfield>
    <subfield code="y">EN</subfield>
  </datafield>
  <datafield tag="952" ind1=" " ind2=" ">
    <subfield code="0">0</subfield>
    <subfield code="1">0</subfield>
    <subfield code="4">0</subfield>
    <subfield code="7">0</subfield>
    <subfield code="8">NFIC</subfield>
    <subfield code="a">NR</subfield>
    <subfield code="b">NR</subfield>
    <subfield code="d">2016-08-31</subfield>
    <subfield code="e">0338/28.9.2015/116/16.9.2015/15.10.2015</subfield>
    <subfield code="g">950.00</subfield>
    <subfield code="l">0</subfield>
    <subfield code="o">320.954 AHU</subfield>
    <subfield code="p">B-605062</subfield>
    <subfield code="r">2016-08-31 00:00:00</subfield>
    <subfield code="t">1</subfield>
    <subfield code="v">950.00</subfield>
    <subfield code="y">EN</subfield>
  </datafield>
  <datafield tag="952" ind1=" " ind2=" ">
    <subfield code="0">0</subfield>
    <subfield code="1">0</subfield>
    <subfield code="4">0</subfield>
    <subfield code="7">0</subfield>
    <subfield code="8">NFIC</subfield>
    <subfield code="a">BN</subfield>
    <subfield code="b">BN</subfield>
    <subfield code="d">2016-08-31</subfield>
    <subfield code="e">0338/28.9.2015/116/16.9.2015/15.10.2015</subfield>
    <subfield code="g">950.00</subfield>
    <subfield code="l">1</subfield>
    <subfield code="o">320.954 AHU</subfield>
    <subfield code="p">B-605063</subfield>
    <subfield code="r">2019-11-05 00:00:00</subfield>
    <subfield code="s">2019-09-20</subfield>
    <subfield code="t">1</subfield>
    <subfield code="v">950.00</subfield>
    <subfield code="y">EN</subfield>
  </datafield>
  <datafield tag="952" ind1=" " ind2=" ">
    <subfield code="0">0</subfield>
    <subfield code="1">0</subfield>
    <subfield code="4">0</subfield>
    <subfield code="7">0</subfield>
    <subfield code="8">NFIC</subfield>
    <subfield code="a">AV</subfield>
    <subfield code="b">AV</subfield>
    <subfield code="d">2018-02-28</subfield>
    <subfield code="e">Bookwell-BL 1031/25.2.17/361/15.2.17/1.3.17</subfield>
    <subfield code="g">950.00</subfield>
    <subfield code="l">1</subfield>
    <subfield code="m">0</subfield>
    <subfield code="o">320.954 AHU</subfield>
    <subfield code="p">B-663844</subfield>
    <subfield code="r">2021-03-17 00:00:00</subfield>
    <subfield code="s">2021-03-17</subfield>
    <subfield code="t">1</subfield>
    <subfield code="v">950.00</subfield>
    <subfield code="w">2018-02-28</subfield>
    <subfield code="y">EN</subfield>
  </datafield>
</record>
